00670nam a2200229Ia 450000500170000000800410001702000150005808200230007310000150009624500630011126000390017430000150021365000100022865000180023865000130025665000120026965000270028165000140030894200060032295200970032899900150042520250206060259.0240331s9999 xx 000 0 und d a0415083397 bASS25192a305.401 aAssiter, A 0aEnlightened Women:bModernist Feminism in a Postmodern Age aNew York;aLondonbRoutledgec1996 ax, 164 p., aWomen aPostmodernism aFeminism aRealism aFeminist Epistemology  aSexuality cL 001040708LaWERCLbWERCLcSSCd2024-03-31l0o 305.4 ASSp5192r2024-03-31w2024-03-31yL c1742d1742